000 00231 a2200085 4500
999 _c211913
_d211913
020 _a0875532357
245 _aStandard Methods for the Examination of Water and Wastewater
250 _aTwentieth Edition
260 _bAPHA AWWA WEF
_c1998